• 首页
  • 本馆介绍
  • 公告通知
  • 最新文献
  • 馆藏检索
  • 电子资源
  • 读者导购
  • 参考咨询
  • 我的图书馆
  • 登录
  • 详细信息显示
  • 放入我的书架
  • 预约/预借图书
  • 作者相关作品
  • 分类相关作品
  • 丛书相关作品
  • 出版社相关作品

书目信息

  • 表格格式
  • 工作单格式
  • 卡片格式
题名:
马列著作选读
    
 
作者:
分册:   政治经济学
出版信息: 北京   人民出版社  1977
页数: 358页
开本: 19cm
丛书名:
单 册:
中图分类: A5
科图分类:
主题词: 马列著作--选集 , 马克思主义政治经济学--马列著作--选集
电子资源:
ISBN: 1001.1146
000 00617nam0 2200229 450
001 0177006564
005 20100712215335.0
010    @a1001.1146@dCNY0.55
091    @a1001.1146
100    @a19980119d1977 em y0chiy0110 ea
101 0  @achi
102    @aCN@b110000
105    @ay z 000yy
106    @ar
200 1  @a马列著作选读@9Ma Lie Zhu;Zhuo Zuo Xuan Dou;Du @e试编本@i政治经济学
210    @a北京@c人民出版社@d1977
215    @a358页@d19cm
606 0  @a马列著作@x选集
606 0  @a马克思主义政治经济学@x马列著作@x选集
690    @aA5@v3
801  0 @aCN@bAzMarc@c20130904
905    @aBZT@dA5@e2@f33@sA5/2
    
    马列著作选读:试编本.政治经济学.-北京:人民出版社,1977
    358页;19cm
    
    
    ISBN 1001.1146:CNY0.55
    
●
相关链接 在五车中查询图书 在当当中查询图书 在豆瓣中查询图书


正题名:马列著作选读     索取号:A5/2         预约/预借

序号 登录号 条形码 馆藏地/架位号 状态 备注
1 2000110378   2000110378   旧书回溯/ [索取号:A5/2] 在馆    
2 2000110379   2000110379   旧书回溯/ [索取号:A5/2] 在馆    
3 2000110380   2000110380   旧书回溯/ [索取号:A5/2] 在馆    
4 2000110381   2000110381   旧书回溯/ [索取号:A5/2] 在馆    
5 2000110382   2000110382   旧书回溯/ [索取号:A5/2] 在馆    
6 2000110383   2000110383   旧书回溯/ [索取号:A5/2] 在馆    
7 2000110384   2000110384   旧书回溯/ [索取号:A5/2] 在馆    
8 2000110385   2000110385   旧书回溯/ [索取号:A5/2] 在馆    
9 2000110386   2000110386   旧书回溯/ [索取号:A5/2] 在馆    
10 2000110387   2000110387   旧书回溯/ [索取号:A5/2] 在馆    
11 2000110388   2000110388   旧书回溯/ [索取号:A5/2] 在馆    
12 2000110389   2000110389   旧书回溯/ [索取号:A5/2] 在馆    
13 2000110390   2000110390   旧书回溯/ [索取号:A5/2] 在馆    
14 2000110391   2000110391   旧书回溯/ [索取号:A5/2] 在馆    
15 2000110392   2000110392   旧书回溯/ [索取号:A5/2] 在馆    
16 2000110393   2000110393   旧书回溯/ [索取号:A5/2] 在馆    
17 2000110394   2000110394   旧书回溯/ [索取号:A5/2] 在馆    
18 2000110395   2000110395   旧书回溯/ [索取号:A5/2] 在馆    
19 2000110396   2000110396   旧书回溯/ [索取号:A5/2] 在馆    
20 2000110397   2000110397   旧书回溯/ [索取号:A5/2] 在馆    
21 2000110398   2000110398   旧书回溯/ [索取号:A5/2] 在馆    
22 2000110399   2000110399   旧书回溯/ [索取号:A5/2] 在馆    
23 2000110400   2000110400   旧书回溯/ [索取号:A5/2] 在馆    
24 2000110401   2000110401   旧书回溯/ [索取号:A5/2] 在馆    
25 2000110402   2000110402   旧书回溯/ [索取号:A5/2] 在馆    
26 2000110403   2000110403   旧书回溯/ [索取号:A5/2] 在馆    
27 2000110404   2000110404   旧书回溯/ [索取号:A5/2] 在馆    
28 2000110405   2000110405   旧书回溯/ [索取号:A5/2] 在馆    
29 2000110406   2000110406   旧书回溯/ [索取号:A5/2] 在馆    
30 2000110407   2000110407   旧书回溯/ [索取号:A5/2] 在馆    
31 2000110408   2000110408   旧书回溯/ [索取号:A5/2] 在馆    
32 2000110409   2000110409   旧书回溯/ [索取号:A5/2] 在馆    
33 2000110423   2000110423   旧书回溯/ [索取号:A5/2] 在馆    
山东省滨州职业学院图书馆 欢迎您!
大连网信软件有限公司© 版权所有